000 00614nam a2200205Ia 4500
005 20250923145322.0
008 008 250917s9999 xx 000 0 eng d
037 _aTextual
040 _aDSWL
_beng
_cDSWL
041 _aeng
_2eng
084 _aS0aY, N75
_qDSWL
100 _aKunkel, John H.
_9834018
245 0 _aBehavior , social problems and change A social learning approach
_c by John H. Kunkel
260 _aNew Jersey
_b Prentice Hall Inc.
_c1975
300 _aviii,213 p.
365 _aINR
_b76 . 11
925 _g76 . 11
942 _cTEXL
_hS0aY, N75
999 _c1449913
_d1449913